LEADER 00703nam a2200205 i 4500 001 000000253117 003 CaOOAMICUS 005 20240812100512.0 008 170227s1844 it u000 u ita u 013 $a232022 040 $aSeMil$bita 245 10$aTomo 15. 300 $aVII, 393 p. 773 0 $aInghirami, Francesco <1772-1846>$tStoria della Toscana.$d[Fiesole] : Poligrafica fiesolana dai torchi dell'autore, 1841-1844.$g15$w()4848 850 $aSeMil 852 $aSeMil$W1$xVenegono$y1$m3S VII 67 FA$j203463$B203463$CSeMilBibl$Z2$F216253 $8I 941 1 $a10 961 $aRecupero: Mantegazza 996 $6245$aTomo 15.$9(OLS)http://semarc/title/194452 LEADER 00403nab a2200145 i 4500 001 000000276554 003 CaOOAMICUS 005 20120109000000.0 008 120109n xx uu u0 0und r 013 $a26303 040 $aSeMil$bita 245 10$a[SENZA TITOLO]. 500 $a2011/4-5. 773 0 $t2011.$dLeiden ; Boston : Brill, copyr. 2011.$w()199063 996 $6245$a[SENZA TITOLO]$9(OLS)http://semarc/title/354609